<?xml version="1.0" encoding="UTF-8"?>
<record
    xmlns:xsi="http://www.w3.org/2001/XMLSchema-instance"
    xsi:schemaLocation="http://www.loc.gov/MARC21/slim http://www.loc.gov/standards/marcxml/schema/MARC21slim.xsd"
    xmlns="http://www.loc.gov/MARC21/slim">

  <leader>00676nam a2200205Ia 4500</leader>
  <datafield tag="999" ind1=" " ind2=" ">
    <subfield code="c">36139</subfield>
    <subfield code="d">36139</subfield>
  </datafield>
  <controlfield tag="001">2039</controlfield>
  <controlfield tag="003">GE_BSU</controlfield>
  <controlfield tag="005">20221007104808.0</controlfield>
  <controlfield tag="008">181216s2002ru  xx |||||||||||||| ||rus||</controlfield>
  <datafield tag="020" ind1=" " ind2=" ">
    <subfield code="a">5238002297</subfield>
  </datafield>
  <datafield tag="040" ind1=" " ind2=" ">
    <subfield code="c">GE_BSU</subfield>
  </datafield>
  <datafield tag="041" ind1=" " ind2=" ">
    <subfield code="a">rus</subfield>
  </datafield>
  <datafield tag="080" ind1=" " ind2=" ">
    <subfield code="a">347.7(075.8)  &#x41A;-63</subfield>
  </datafield>
  <datafield tag="245" ind1=" " ind2=" ">
    <subfield code="a">&#x41A;&#x43E;&#x43C;&#x43C;&#x435;&#x440;&#x447;&#x435;&#x441;&#x43A;&#x43E;&#x435; &#x43F;&#x440;&#x430;&#x432;&#x43E; :</subfield>
    <subfield code="b">&#x423;&#x447;&#x435;&#x431;&#x43D;&#x438;&#x43A;. &#x434;&#x43B;&#x44F; &#x441;&#x442;&#x443;&#x434;.&#x432;&#x443;&#x437;&#x43E;&#x432;  /</subfield>
    <subfield code="c">&#x41F;&#x43E;&#x434; &#x440;&#x435;&#x434;.&#x41C;.&#x41C;.&#x420;&#x430;&#x441;&#x441;&#x43E;&#x43B;&#x43E;&#x432;&#x430;</subfield>
  </datafield>
  <datafield tag="264" ind1=" " ind2=" ">
    <subfield code="a">&#x41C;&#x43E;&#x441;&#x43A;&#x432;&#x430; :</subfield>
    <subfield code="b">&#x42E;&#x43D;&#x438;&#x442;&#x438;.&#x417;&#x430;&#x43A;&#x43E;&#x43D; &#x438; &#x43F;&#x440;&#x430;&#x432;&#x43E;,</subfield>
    <subfield code="c">2002.</subfield>
  </datafield>
  <datafield tag="300" ind1=" " ind2=" ">
    <subfield code="a">461 &#x441;&#x442;&#x440;.:</subfield>
  </datafield>
  <datafield tag="653" ind1=" " ind2=" ">
    <subfield code="a">&#x41A;&#x43E;&#x43C;&#x43C;&#x435;&#x440;&#x447;&#x435;&#x441;&#x43A;&#x43E;&#x435; &#x43F;&#x440;&#x430;&#x432;&#x43E;</subfield>
  </datafield>
  <datafield tag="653" ind1=" " ind2=" ">
    <subfield code="a">&#x10D9;&#x10DD;&#x10DB;&#x10D4;&#x10E0;&#x10EA;&#x10D8;&#x10E3;&#x10DA;&#x10D8; &#x10E1;&#x10D0;&#x10DB;&#x10D0;&#x10E0;&#x10D7;&#x10D0;&#x10DA;&#x10D8;</subfield>
  </datafield>
  <datafield tag="942" ind1=" " ind2=" ">
    <subfield code="c">BK</subfield>
    <subfield code="2">udc</subfield>
  </datafield>
  <datafield tag="952" ind1=" " ind2=" ">
    <subfield code="0">0</subfield>
    <subfield code="1">0</subfield>
    <subfield code="2">udc</subfield>
    <subfield code="4">0</subfield>
    <subfield code="6">34770758_&#x41A;63</subfield>
    <subfield code="7">0</subfield>
    <subfield code="9">34864</subfield>
    <subfield code="a">CPL</subfield>
    <subfield code="b">CPL</subfield>
    <subfield code="c">GEN</subfield>
    <subfield code="d">2018-12-17</subfield>
    <subfield code="g">18.00</subfield>
    <subfield code="o">347.7(075.8)  &#x41A;-63</subfield>
    <subfield code="p">3879</subfield>
    <subfield code="r">2018-12-17</subfield>
    <subfield code="t">3879</subfield>
    <subfield code="w">2018-12-17</subfield>
    <subfield code="y">BK</subfield>
    <subfield code="z">18.00</subfield>
  </datafield>
</record>
